La cristiada

Saved in:
Bibliografiske detaljer
Hovedforfatter: Meyer, Jean André (autor)
Format: Bog
Sprog:spansk
Udgivet: Ciudad de México Siglo Veintiuno 1979
Udgivelse:4a. ed
Serier:Historia
Fag:
Tags: Tilføj Tag
Ingen Tags, Vær først til at tagge denne postø!

MARC

LEADER 00000nam a2200000 a 4500
001 UCT0961
003 CL-VaPUC
005 20241129091841.0
008 960913e19790000MX |||||||||||||||||spa|d
999 |c 251642  |d 251640 
040 |c Pontificia Universidad Católica de Valparaíso 
082 0 4 |a 972.082  |b MEY  |2 21 
100 |a Meyer, Jean André  |e autor  |9 865576 
245 1 3 |a La cristiada 
250 |a 4a. ed 
260 |a Ciudad de México  |b Siglo Veintiuno  |c 1979 
300 |a v 
490 0 |a Historia 
500 |a v.2: El conflicto entre la iglesia y el estado 1926 1929 
500 |a v.3: Los cristeros 
583 |a last modification  |c 19960913 00:00:00  |k Rodrigo Vera 
650 0 |a Historia  |9 255047 
650 0 |a Economía   |9 255568 
650 0 |a Sociedad  |9 307903 
650 0 |a Ejércitos  |9 323161 
650 0 |a Fuerzas Armadas  |9 255504 
650 0 |a Guerra  |9 255876 
650 0 |a Gobierno   |9 255508 
650 0 |a Estado  |9 255503 
650 0 |a Iglesia   |9 255004 
650 0 |a Revolución mexicana   |9 369585 
651 0 |a México  |9 255269 
942 |c BK  |2 ddc 
945 |d 19960913 00:00:00  |a rleighto 
952 |0 0  |1 0  |4 0  |6 972_082000000000000_MEY_1979  |7 0  |8 A  |9 270955  |a BIBHIS  |b BIBHIS  |d 2019-11-19  |h v.2  |i 3229696  |o 972.082 MEY 1979  |p 3229696  |r 2025-01-20  |w 2019-11-19  |y BK  |k HIS 
952 |0 0  |1 0  |4 0  |6 972_082000000000000_MEY_1979  |7 0  |8 A  |9 270956  |a BIBHIS  |b BIBHIS  |d 2019-11-19  |h v.3  |i 322970K  |o 972.082 MEY 1979  |p 322970K  |r 2025-01-20  |w 2019-11-19  |y BK  |k HIS